|
|
|
|
| LEADER |
00000cam a2200000 a 4500 |
| 001 |
vtls008361107 |
| 003 |
SK-MaSNL |
| 005 |
20260301093603.0 |
| 008 |
190102s1975 xo 000 slo |
| 015 |
|
|
|a SKSNBA1975/10-02391
|
| 035 |
|
|
|a SK01SNK19750053324
|
| 035 |
|
|
|a SKM000055787
|
| 040 |
|
|
|a SNK
|b slo
|c SNK
|e AACR2
|
| 041 |
0 |
|
|a slo
|
| 044 |
|
|
|a xo
|c SK
|
| 080 |
|
|
|a 331.881+331.85
|2 1981
|
| 080 |
|
|
|a 331.85
|2 1981
|
| 100 |
1 |
|
|a Píchová, Marie
|4 aut
|9 285784
|
| 245 |
1 |
0 |
|a O práci komisie starostlivosti o pracujúcich v ZO ROH
|c [autori:] Marie Píchová, Vladimír Slavík
|
| 250 |
|
|
|a 2. preprac. vyd.
|
| 260 |
|
|
|a Bratislava
|b Práca
|c 1975
|e Bratislava
|f Svornosť
|
| 300 |
|
|
|a 94, [7] s.
|c 8°
|
| 490 |
1 |
|
|a Knižnica odborára
|v zv. 12/75
|
| 563 |
|
|
|a 10000 výtl.
|
| 610 |
0 |
7 |
|a ROH
|x organizácie základné
|x činnosť
|2 SNK
|9 426178
|
| 611 |
1 |
7 |
|a ROH
|x organizácie základné
|x činnosť
|2 SNK
|9 426179
|
| 650 |
0 |
7 |
|a pracujúci
|x odbory
|x starostlivosť
|2 SNK
|9 426180
|
| 655 |
|
7 |
|a príručky
|2 SNKPH
|9 74364
|
| 700 |
1 |
|
|a Slavík, Vladimír
|4 aut
|9 5471
|
| 830 |
|
0 |
|a Knižnica odborára
|9 265915
|
| 852 |
|
|
|a Slovenská národná knižnica v Martine
|b 10000
|h SC 37558
|
| 852 |
|
|
|a Slovenská národná knižnica v Martine
|b 10000
|h SC 37558 D1
|
| 958 |
|
|
|a OND
|
| 958 |
|
|
|a TL
|
| 958 |
|
|
|a RK
|
| 999 |
|
|
|c 677488
|d 679418
|
| 952 |
|
|
|a SNK
|b SNK
|y VYP
|7 0
|p 17A1152140
|o snkSC 37558 D1
|i snkKSP 7314/75
|0 0
|1 0
|4 0
|d 2017-05-27
|l 0
|r 2026-02-23 19:46:29
|w 2026-02-23
|